000
00304nam a2200121Ia 4500
008
190216s9999||||xx |||||||||||||| ||und||
100
_a
Karapetyants M
245
0
_a
Examples And Probles In Chemical Thermodynamics
260
_b
Mir Publishers
_c
1976
300
_a
304p
650
_a
Chemistry
942
_c
BK
999
_c
2125
_d
2125